00628 2200241 4500001002100000005001700021008004100038020001800079035002400097090001900121100002100140245005900161250001100220260003000231300002900261650002300290850001500313980001300328985000600341999001300347999001300360999001300373YOGYA-0209000000716620090227021005.0 ind  a979-3289-36-8 0010-020900000007166 a658.047bSum M aSUMARSONO, Sonny aManajemen koperasibteori dan praktekcSonny Sumarsono aCet. 1 aJakartabGraha Ilmuc2003 aix, 216 hlmbilusc23 cm aManajemen koperasi aYOPDYOG(B) a04-10-19 a3 a04P00886 a04P00887 a04P00888